header

Animals at work (Record no. 12544)

MARC details
000 -LEADER
fixed length control field 01285nam a2200325Ia 4500
100 1# - MAIN ENTRY--AUTHOR NAME
Personal name Hamilton, Lindsay.
245 10 - TITLE STATEMENT
Title Animals at work
260 ## - PUBLICATION, DISTRIBUTION, ETC. (IMPRINT)
Place of publication Leiden ;
-- Boston :
Name of publisher Brill,
Year of publication 2013.
300 ## - PHYSICAL DESCRIPTION
Number of Pages xiii, 195 p. :
Other physical details ill.
490 1# - SERIES STATEMENT
Series statement Human-animal studies ;
650 #0 - SUBJECT ADDED ENTRY--TOPICAL TERM
Topical Term Human-animal relationships.
Topical Term Animal behavior.
700 1# - ADDED ENTRY--PERSONAL NAME
Personal name Taylor, Nik.
856 40 - ELECTRONIC LOCATION AND ACCESS
Uniform Resource Identifier http://site.ebrary.com/lib/rucke/Doc?id=10686892

No items available.

© 2026 Rongo University
Contact us: librarian | system librarian | Rongo university